Characters in The Mighty Ducks Trilogy - Statistics

General Stats
  • This quiz has been taken 247 times
  • The average score is 6 of 8
Answer Stats
Actor/Actress Character's Name % Correct
Emilio Estevez Gordon Bombay
93%
Joshua Jackson Charlie Conway
91%
Vincent Larusso Adam Banks
85%
Shaun Weiss Greg Goldberg
79%
Marguerite Moreau Connie Moreau
77%
Elden Henson Fulton Reed
76%
Matt Doherty Dave/Lester Averman
72%
Garette Ratliff Henson Guy Germaine
68%
No matching quizzes found
Score Distribution
Percent of People with Each Score
Percentile by Number Answered
Your Score History
You have not taken this quiz